A laboratory study of using lime and surkhi as partial replacement of fine aggregate in aggregate base couse for flexible pavements (Record no. 551344)
[ view plain ]
| 000 -LEADER | |
|---|---|
| fixed length control field | 00457nam a22001337a 4500 |
| 082 ## - DEWEY DECIMAL CLASSIFICATION NUMBER | |
| Classification number | T-46 |
| 100 ## - MAIN ENTRY--PERSONAL NAME | |
| Personal name | Zahidul Islam Ukil |
| 9 (RLIN) | 48372 |
| 245 ## - TITLE STATEMENT | |
| Title | A laboratory study of using lime and surkhi as partial replacement of fine aggregate in aggregate base couse for flexible pavements |
| Statement of responsibility, etc. | Zahidul Islam Ukil |
| 260 ## - PUBLICATION, DISTRIBUTION, ETC. | |
| Place of publication, distribution, etc. | Risalpur |
| Name of publisher, distributor, etc. | MCE, NUST |
| Date of publication, distribution, etc. | 1995 |
| 526 ## - STUDY PROGRAM INFORMATION NOTE | |
| Program name | 0 |
| Interest level | 0 |
| Reading level | 0 |
| Title point value | T_46 |
| 650 ## - SUBJECT ADDED ENTRY--TOPICAL TERM | |
| Topical term or geographic name entry element | Thesis |
| 9 (RLIN) | 34811 |
| 700 ## - ADDED ENTRY--PERSONAL NAME | |
| Personal name | Shamshad Ahmed Khan |
| 9 (RLIN) | 47821 |
| 942 ## - ADDED ENTRY ELEMENTS (KOHA) | |
| Source of classification or shelving scheme | |
| Koha item type | Book |
| Withdrawn status | Lost status | Source of classification or shelving scheme | Damaged status | Not for loan | Permanent Location | Current Location | Date acquired | Total Checkouts | Full call number | Barcode | Date last seen | Price effective from | Koha item type | Public note |
|---|---|---|---|---|---|---|---|---|---|---|---|---|---|---|
| Military College of Engineering (MCE) | Military College of Engineering (MCE) | 12/11/2014 | T-46 | MCE-T-46 | 12/11/2014 | 12/11/2014 | Book | Thesis |
